Electric energy policy issues /

Bibliographic Details
Main Author: Ferrar, Terry A., 1946-
Other Authors: Clemente, Frank, Uhler, Robert G.
Format: Book
Language:English
Published: Ann Arbor, Mich. : Ann Arbor Science Publishers, [1979]
Subjects:

MARC

Tag First Indicator Second Indicator Subfields
LEADER 00000cam a2200000 i 4500
001 in00000060241
005 20151008051615.0
008 790907s1979 miua b 00110 eng
010 |a  77093384  
020 |a 0250402378 
035 |a (OCoLC)05466207 
035 |9 AAG8936AM 
040 |a DLC  |c DLC  |d TXA  |d UtOrBLW 
043 |a n-us--- 
049 |a TXAM  |c [981084] 
050 0 0 |a HD9685.U5  |b F47 
082 0 |a 333.7 
100 1 |a Ferrar, Terry A.,  |d 1946- 
245 1 0 |a Electric energy policy issues /  |c by Terry A. Ferrar, Frank Clemente, Robert G. Uhler. 
264 1 |a Ann Arbor, Mich. :  |b Ann Arbor Science Publishers,  |c [1979] 
264 4 |c ©1979 
300 |a xii, 139 pages :  |b illustrations, graphs ;  |c 24 cm. 
336 |a text  |b txt  |2 rdacontent 
337 |a unmediated  |b n  |2 rdamedia 
338 |a volume  |b nc  |2 rdacarrier 
504 |a Includes bibliographical references and index. 
650 0 |a Electric utilities  |z United States. 
650 0 |a Energy policy  |z United States. 
700 1 |a Clemente, Frank. 
700 1 |a Uhler, Robert G. 
999 |a MARS 
999 f f |s 7b7c2eec-f121-3d72-895c-a96840faa764  |i 2149f34a-c4c1-36a7-bdfd-e8659941e79e  |t 0 
952 f f |p ric  |a Texas A&M University  |b Rellis Campus  |c Joint Library Facility  |d Remote Storage  |t 0  |e HD9685.U5 F47  |h Library of Congress classification  |i unmediated -- volume  |m A14802734898 
998 f f |a HD9685.U5 F47  |t 0  |l Remote Storage